Größte Stadt in ... #2 - Statistiken

Allgemein
  • Dieses Quiz wurde 312 mal gespielt
  • Das Durchschnittsergebnis liegt bei 12 aus 18
Antwortstatistiken
Größte in ... Stadt % Korrekt
Grossbritannien London
100%
Frankreich Paris
100%
Deutschsprachig Berlin
99%
Vereinigte Staaten New York
99%
Skandinavien Stockholm
93%
Koreanische Halbinsel Seoul
85%
Portugiesisch sprechend São Paulo
82%
Iberische Halbinsel Madrid
78%
Spanisch sprechend Mexiko-Stadt
75%
Arabische Halbinsel Riad
70%
Hawaii Honolulu
63%
Schwarzes Meer berühren Istanbul
56%
Wu sprechend Shanghai
52%
Die Insel von Hispaniola Santo Domingo
47%
Die Insel von Luzon Manila
39%
Die Insel von Korsika Ajaccio
36%
Die Insel von Hokkaido Sapporo
33%
Yucatan Halbinsel Mérida
11%
Keine übereinstimmenden Quizze gefunden
Verteilung der Resultate
Anzahl Personen mit jedem Resultat
Perzentil nach korrekt beantworteten Fragen
Ihre Resultats-Entwicklung
Sie haben dieses Quiz noch nicht gespielt